| 000 | 00612nam a2200169 4500 | ||
|---|---|---|---|
| 001 | 140585 | ||
| 003 | ES-MaACL | ||
| 005 | 20230906200116.0 | ||
| 007 | t| | ||
| 008 | 070214s1972 sp r ||||1| spa d | ||
| 100 | 1 |
_aSebastián López, Santiago. _9105017 |
|
| 245 | 1 | 3 |
_aLa expresión artística turolense / _cSantiago Sebastián López. |
| 260 |
_aZaragoza : _bCaja de Ahorros y Monte de Piedad de Zaragoza, Aragón y Rioja, _c1972. |
||
| 300 |
_a147 p., 3 lám. : _bil. ; _c24 cm. |
||
| 710 | 2 |
_aCaja de Ahorros y Monte de Piedad de Zaragoza, Aragón y Rioja. _92326 |
|
| 852 |
_aES-MaACL _jC-43688 _bR.82597 |
||
| 999 |
_c140585 _d140585 |
||